Responses for Show #8888 - Wednesday, June 7, 2023

Suresh Krishnan game 2.

Contestants

[<< previous game]

Collette Lee, a middle school math teacher from Paxton, Illinois

Kristine Rembach, a human rights lawyer originally from Ghent, New York

Suresh Krishnan, a networking engineer from Suwanee, Georgia (whose 1-day cash winnings total $10,600)

[next game >>]

Jeopardy! Round responses

INTO THE WOODS
COMPANY
FOLLIES
A LITTLE NIGHT MUSIC
PASSION
MERRILY WE ROLL ALONG
    $200 30
Vienna

Triple Stumper
    $200 1
SpaceX

Collette
    $200 15
(Collette: What is an eclipse, or a solar eclipse?)

a lunar eclipse

KristineCollette
    $200 24
Cinderella

Kristine
    $200 6
a dedication

Collette
    $200 25
Rollerblade

Suresh
    $400 16
(Mount) Fuji

Suresh
    $400 2
Sharpie

Suresh
    $400 11
Vietnam

Kristine
    $1,600 20
(Kristine: What are sonatas?)

nocturnes

Kristine
    $400 7
amour

Suresh
    $400 26
(Collette: Who is Diablo Cody?)

Drew Barrymore

Collette
Triple Stumper
    $600 17
nightingales

Collette
    $600 3
Lending Tree

Triple Stumper
    $600 12
Alexander the Great

Suresh
    $600 21
(Collette: What is swing time?)

waltz time

Collette
Triple Stumper
    $600 8
mania

Collette
    $600 27
Tony Hawk

Kristine
    $800 18
mangroves

Suresh
    $800 4
(Mayim: Changed my life, [*].)

DoorDash

Triple Stumper
    $800 13
the Light Brigade

Collette
    $800 22
a Night on Bald Mountain

Collette
    $800 9
zeal

Collette
    $800 28
Ben-Hur

Collette
    $1000 19
Ypres

Kristine
    $1000 5
Snap-On

Triple Stumper
    $1000 14
appeasement

Suresh
    $1000 23
Eine kleine Nachtmusik

Suresh
    $1000 10
agony & ecstasy

Triple Stumper
    $1000 29
Hoverboard

Suresh

Scores at the first commercial break (after clue 15):

Suresh Kristine Collette
$2,400 $600 $2,400

Scores at the end of the Jeopardy! Round:

Suresh Kristine Collette
$5,800 $800 $3,600

Double Jeopardy! Round responses

ASTRONOMICAL ANAGRAMS
JOIN THE CLUB
THE PRESIDENTIAL LINE OF SUCCESSION, TODAY
ETYMOLOGY
A NOVEL CHARACTER BREAKDOWN
A '90s KID
    $400 24
(Mayim: Yes, less than a minute.)

telescope

Suresh
    $400 25
the Mickey Mouse Club

Collette
    $400 28
[The end-of-round signal sounds.]

a shah

Triple Stumper
    $400 12
Beanie Babies

Collette
    $2,500 20
supernova

Kristine
    $800 14
the Dallas Buyers Club

Kristine
    $800 18
(Collette: Who is Kamala Harris?)

Kevin McCarthy

Collette
Triple Stumper
    $800 5
discouraging

Triple Stumper
    $800 9
Anna Karenina

Suresh
    $800 1
frosted tips

Kristine
    $1200 21
a red shift

Collette
    $1200 15
Ally Sheedy

Triple Stumper
    $1200 19
Antony Blinken

Triple Stumper
    $1200 6
kinky

Collette
    $1200 10
Javert

Triple Stumper
    $1200 2
(Mayim: That's [*], Nintendo 64.)

the N64

Triple Stumper
    $1600 22
the photosphere

Triple Stumper
    $1600 16
The Buena Vista Social Club

Triple Stumper
    $1600 26
Merrick Garland

Triple Stumper
    $2,500 7
(Collette: What is...)

Pentecost

Collette
    $1600 11
Fagin

Triple Stumper
    $1600 3
Tamagotchi

Kristine
    $2000 23
luminosity

Kristine
    $2000 17
the Black Rebel Motorcycle Club

Triple Stumper
    $2000 27
Janet Yellen

Triple Stumper
    $2000 8
auricles

Triple Stumper
    $2000 13
Josef K.

Triple Stumper
    $2000 4
Animorphs

Triple Stumper

Scores at the end of the Double Jeopardy! Round:

Suresh Kristine Collette
$7,000 $8,500 $3,500

[wagering suggestions for these scores]

Final Jeopardy! Round responses

EUROPEAN COUNTRIES
ColletteWhat is Slovenia?
$3,499
SureshWhat is Slovenia?
$3,499
KristineWhat is Montenegro?
$5,501
Slovenia

Final scores:

Suresh Kristine Collette
$10,499 $2,999 $6,999
2-day champion: $21,099 3rd place: $1,000 2nd place: $2,000

Game dynamics:

Coryat scores:

Suresh Kristine Collette
$7,000 $8,400 $6,000
11 R,
0 W
10 R
(including 1 DD),
1 W
(including 1 DD)
12 R,
5 W
(including 1 DD)

Combined Coryat: $21,400

[game clues] [game scores] [suggest correction]

Game tape date: 2023-04-03
The J! Archive is created by fans, for fans. Scraping, republication, monetization, and malicious use prohibited; this site may use cookies and collect identifying information. See terms. The Jeopardy! game show and all elements thereof, including but not limited to copyright and trademark thereto, are the property of Jeopardy Productions, Inc. and are protected under law. This website is not affiliated with, sponsored by, or operated by Jeopardy Productions, Inc. Join the discussion at JBoard.tv.